| 000 | 00000nam 2200000zi 4500 |
| 001 | 9.867043 |
| 003 | CaOODSP |
| 005 | 20240624082359 |
| 006 | m o d f |
| 007 | cr ||||||||||| |
| 008 | 190114s2019 bcc #o f000 0 fre d |
| 020 | |a9780660292762|q(volume 1A) |
| 020 | |a9780660304908|q(volume 1B) |
| 040 | |aCaOODSP|bfre|erda|cCaOODSP |
| 043 | |an-cn--- |
| 086 | 1 |aCP32-163/2-1-2019F-PDF |
| 086 | 1 |aCP32-163/2-2-2019F-PDF |
| 110 | 2 |aEnquête nationale sur les femmes et les filles autochtones disparues et assassinées (Canada) |
| 245 | 10|aRéclamer notre pouvoir et notre place : |ble rapport final de l’Enquête nationale sur les femmes et les filles autochtones disparues et assassinées. |
| 264 | 1|a[Vancouver] : |bBureau du Conseil privé, |c2019. |
| 264 | 4|c©2019 |
| 300 | |a1 ressource en ligne (2 volumes) |
| 336 | |atexte|btxt|2rdacontent/fre |
| 337 | |ainformatique|bc|2rdamedia/fre |
| 338 | |aressource en ligne|bcr|2rdacarrier/fre |
| 500 | |aPublié aussi en anglais sous le titre : Reclaiming power and place: the final report of the National Inquiry into Missing and Murdered Indigenous Women and Girls. |
| 505 | 0 |aY compris: volume 1a, volume 1b, volume 2, volume 1a (copie 2), et Appels à la justice. |
| 692 | 07|2gccst|aAutochtones |
| 692 | 07|2gccst|aEnquête publique |
| 692 | 07|2gccst|aViolence faite aux femmes |
| 710 | 1 |aCanada. |bBureau du Conseil privé. |
| 775 | 08|tReclaiming power and place : |w(CaOODSP)9.867037 |
| 775 | 08|t[Réclamer notre pouvoir et notre place] : |w(CaOODSP)9.868206 |
| 775 | 08|t[Réclamer notre pouvoir et notre place] : |w(CaOODSP)9.868231 |
| 776 | 0#|tRéclamer notre pouvoir et notre place : |w(CaOODSP)9.867046 |
| 856 | 40|qPDF|s31.96 Mo|uhttps://publications.gc.ca/collections/collection_2019/bcp-pco/CP32-163-2-1-2019-fra.pdf|zVolume 1a |
| 856 | 40|qPDF|s5.52 Mo|uhttps://publications.gc.ca/collections/collection_2019/bcp-pco/CP32-163-2-2-2019-fra.pdf|zVolume 1b |
| 856 | 40|qPDF|s16.81 Mo|uhttps://publications.gc.ca/collections/collection_2019/bcp-pco/CP32-163-2-1-2019-1-fra.pdf|zVolume 2 |
| 856 | 40|qPDF|s31.96 Mo|uhttps://publications.gc.ca/collections/collection_2019/bcp-pco/CP32-163-2-1-2019-2-fra.pdf|zVolume 1a, copie 2 (contient des modifications mineures) |
| 856 | 40|qPDF|s680 Ko|uhttps://publications.gc.ca/collections/collection_2019/bcp-pco/CP32-163-2-4-2019-fra.pdf|zAppels à la justice |